| 000 | 01784cam a2200409 a 4500 | ||
|---|---|---|---|
| 001 | 15123617 | ||
| 005 | 20080529160919.0 | ||
| 008 | 071228s2009 mauaf 001 0 eng | ||
| 010 | _a 2007051358 | ||
| 015 |
_aGBA797223 _2bnb |
||
| 016 | 7 |
_a014458327 _2Uk |
|
| 020 | _a9780321530196 | ||
| 020 | _a0321530195 | ||
| 020 | _a9780321583703 (Pearson International Edition) | ||
| 020 | _a0321583701 (Pearson International Edition) | ||
| 035 | _a(OCoLC)ocn182656656 | ||
| 035 | _a(OCoLC)182656656 | ||
| 040 |
_aDLC _cDLC _dUKM _dYDXCP _dBAKER _dC#P _dDLC |
||
| 050 | 0 | 0 |
_aQA76.76.H94 _bM655 2009 |
| 082 | 0 | 0 |
_a006.74 _222 _bMOR |
| 100 | 1 |
_aMorris, Terry Felke _q(Terry A.) _93731 |
|
| 245 | 1 | 0 |
_aWeb Development & Design Foundations with XHTML / _cTerry Felke-Morris. |
| 246 | 3 | _aWeb Development and Design Foundations with XHTML | |
| 250 |
_a4th ed. _bInternational ed. |
||
| 260 |
_aBoston : _bPearson Addison Wesley, _cc2009. |
||
| 300 |
_axix, 651 p., [12] p. of plates : _bill. (some col.) ; _c28 cm. |
||
| 500 | _aPearson International Edition | ||
| 500 | _aIncludes index. | ||
| 504 | _aIncludes bibliographical references and index. | ||
| 650 | 0 |
_aXHTML (Document markup language) _93732 |
|
| 650 | 0 |
_aWeb site development _xComputer programs. _93733 |
|
| 650 | 0 |
_aWeb sites _xDesign. _93734 |
|
| 942 |
_2ddc _cBB |
||
| 999 |
_c11311 _d11311 |
||